Russia Knowledge Quiz - Statistics

General Stats
  • This quiz has been taken 20 times
    9 since last reset
  • The average score is 7 of 13
Answer Stats
Question Answer % Correct
In 2016, Russia’s life expectancy was identical to that of which country? 1/3
100%
In which year was the country known today as Russia established? 1991
86%
Who was the first president of the Russian Federation? Boris Yeltsin
71%
What is the capital of Russia? Moscow
71%
True or False? Moscow has more billionaires per capita than anywhere else in the world: True
71%
True or False? Russian kids in school are taught NOT to smile: True
71%
What is the current President of Russia? Vladimir Putin
71%
Is Russia the largest country in the world? Yes
71%
What is the title of Russia’s head of state? President
57%
When did Russia or the Soviet Union first test a nuclear weapon? 1949
43%
What is the population of Russia (Rounded to the nearest tenth)? 144 Million
0%
In 2016, Russia’s life expectancy was identical to that of which country? North Korea
0%
In 2017, where did Russia rank globally in terms of gross domestic product, a measure of the total size of the economy? Sixth
0%
No matching quizzes found
Score Distribution
Percent of People with Each Score
Percentile by Number Answered
Your Score History
You have not taken this quiz since the last reset